Sakthi's year book 2015 : (Record no. 147354)

MARC details
000 -LEADER
fixed length control field 00590nam a22001817a 4500
005 - DATE AND TIME OF LATEST TRANSACTION
control field 20171113141947.0
010 ## - LCCN (DPL NO)
LC control number ENG-121318
020 ## - INTERNATIONAL STANDARD BOOK NUMBER
International Standard Book Number 9789384725365
Terms of availability 150.00
035 ## - SYSTEM CONTROL NUMBER
System control number EN-104850
037 ## - SOURCE OF ACQUISITION
Source of stock number/acquisition DBAD/PUB
082 ## - DEWEY DECIMAL CLASSIFICATION NUMBER
Classification number 000
245 ## - TITLE STATEMENT
Title Sakthi's year book 2015 :
Remainder of title general knowledge /
260 ## - PUBLICATION, DISTRIBUTION, ETC. (IMPRINT)
Place of publication, distribution, etc Chennai
Name of publisher, distributor, etc Sakthi Publishing House
Date of publication, distribution, etc 2015
270 ## - ADDRESS
Address 1C, Jeer Street, ( Next to Solaiyappan St.), Old Washermenpet,
City Chennai
Postal code 600021
300 ## - PHYSICAL DESCRIPTION
Extent 60 p. :
Dimensions 22 cm (Pbk)
Other physical details ill.
505 ## - FORMATTED CONTENTS NOTE
Formatted contents note Useful for All Competitive Examinations
942 ## - ADDED ENTRY ELEMENTS (KOHA)
Source of classification or shelving scheme Dewey Decimal Classification
Item type English Books
Classification part 000
Call number suffix SAK
Holdings
Withdrawn status Lost status Not for loan Collection code Home library Current library Date acquired Source of acquisition Cost, normal purchase price Full call number Barcode Copy number Cost, replacement price Koha item type
    Not For Loan Non-fiction D.B.Act.Division Bawana 13/11/2017 DBAD/PUB 150.00 000 SAK EN-104850 1 150.00 English Books

© Delhi Public Library
Hit Counter
free hit counter